000 00363nam a22001577a 4500
003 MPLRDC
005 20220104144447.0
008 210129b ||||| |||| 00| 0 eng d
082 _a617 LA
100 _a柳岸
245 _a话旧谈新录
_c
260 _a
_b香港南苑书屋
_c1965
300 _b
650 _a中国史地杂论
942 _cBK
_o617 LA
999 _c49822
_d49812